000 00277nam a22001217a 4500
008 180314b xxu||||| |||| 00| 0 eng d
041 _aeng
080 _a7
100 _a44
101 _aART
245 _aBritish art in the victoria& albert museum
_cDarby,M
942 _2udc
_cBK
999 _c45049
_d45049